St. Lucia Country Quiz - Statistics

General Stats
  • This quiz has been taken 238 times
  • The average score is 6 of 15
Answer Stats
Question Answer % Correct
St. Lucia is on what sea? Caribbean Sea
84%
Capital of St. Lucia Castries
78%
Official languages of St. Lucia are French Kweyol and what? English
72%
St. Lucia's flag has black, yellow, blue, and what other color? White
60%
St. Lucia's economy primarily is based on what? Tourism
58%
Majority of the people in St. Lucia are primarily of this demographic. Black
48%
St. Lucia is part of these islands in the Caribbean. Lesser Antilles
40%
About 2% of St. Lucians were brought over from what country? India
37%
The most famous landmark in the country are what two mountains, depicted on its flag? Pitons
28%
St. Lucia was the first country to be named after what specific group of people? Woman
22%
Was nicknamed "_____ of the West Indies." Helen
12%
Before colonialism, St. Lucia's native population were what? Caribs/Kalinago
10%
St. Lucia was voted as the most "what" country several times? Romantic
7%
St. Lucia was fought over 14 times by what two colonial powers? United Kingdom and France
7%
The most famous cricketer is this man who also has a stadium in St. Lucia. Darren Sammy
6%
No matching quizzes found
Score Distribution
Percent of People with Each Score
Percentile by Number Answered
Your Score History
You have not taken this quiz